| 000 | 00770cam a2200253Ia 4500 | ||
|---|---|---|---|
| 001 | 50317 | ||
| 005 | 20230411090002.0 | ||
| 008 | 010424s2000 dr a 000 p spa d | ||
| 035 | _a(OCoLC)ocm46801987 | ||
| 040 |
_aNYP _cNYP _dGZM |
||
| 020 | _a9993430102 (pbk.) | ||
| 020 | _a9789993430100 (pbk.) | ||
| 035 | _a(OCoLC)46801987 | ||
| 090 |
_aPQ7409.2.P52 _bL8 2000 |
||
| 049 | _aGRAL | ||
| 100 | 1 | _aPiantini Munnigh, Luis Manuel. | |
| 245 | 1 | 0 |
_aLuz encarcelada / _cLuis Manuel Piantini Munnigh. |
| 260 |
_a[Santo Domingo] : _bBanco Central de la República Dominicana, _cc2000. |
||
| 300 |
_a92 p. : _bcol. ill. ; _c23 cm. |
||
| 440 | 0 | _aColecciâon del Banco Central de la República Dominicana | |
| 942 |
_2lcc _cbk |
||
| 994 |
_aC0 _bDRFGD |
||
| 946 | _aJP | ||
| 999 |
_c110418 _d110418 |
||